Para vos, para mí : actividades /

Guardado en:
Autor Principal: Galán Susana
Otros Autores: Heredia, Mariano, Mayán, Mabel
Formato: Libro
Publicado: Buenos Aires : Kapelusz, 1987
Materias:
Etiquetas: Agregar Etiqueta
Sin Etiquetas, Sea el primero en etiquetar este registro!
LEADER 00752nam a22002415a 4500
001 CEM.cems012515
005 20070420183359.0
008 130507s1987##################000#0#####d
003 CEMS
082 0 4 |a 372.41 
100 1 |a Galán Susana 
245 1 0 |a Para vos, para mí :  |b actividades /  |c Susana Galán ; mariano Heredia ; mabel Mayán 
260 |a Buenos Aires :  |b Kapelusz,  |c 1987 
300 |a 120 p. 
500 |a Libro de lectura para segundo grado 
653 |a Biblioteca maría de los angeles saggio 
653 |a Educación primaria 
653 |a Lecturas 
653 |a Lengua-1º egb 
653 |a Lengua-actividades 
700 1 |a Heredia, Mariano 
700 1 |a Mayán, Mabel 
859 |a CEMS  |b BIB. CEMS - 11 de abril  |h 372.41  |i G131-1  |p 23706.07  |t Ej.1